000 00551nam a2200241Ia 4500
008 210210b1950 xxu||||| |||| 00| 0 eng d
041 _aeng
082 _a825/1219
100 _aBOAS ( Frederick S) Ed
245 _aYears work in english studies 1948 Vol 29
260 _aLondon
_bOxford University Press
_c1950
440 _a29
650 _aYears
650 _awork
650 _aVol
650 _astudies
650 _ain
650 _aenglish
650 _a29
650 _a1948
690 _aEnglish Criticism
906 _a015533
999 _c134911
_d134911